Process systems analysis and control (Record no. 13580)

000 -LEADER
fixed length control field 00605nam a22002171 4500
001 - CONTROL NUMBER
control field 13580
003 - CONTROL NUMBER IDENTIFIER
control field BD-DhUET
008 - FIXED-LENGTH DATA ELEMENTS--GENERAL INFORMATION
fixed length control field 730306s1965 nyua b 000 0 eng
040 ## - CATALOGING SOURCE
Original cataloging agency DLC
Transcribing agency DLC
Modifying agency BD-DhUET
082 ## - DEWEY DECIMAL CLASSIFICATION NUMBER
Classification number 660.284
Item number COU/1965
100 1# - MAIN ENTRY--PERSONAL NAME
Personal name Coughanowr, Donald R.
245 10 - TITLE STATEMENT
Title Process systems analysis and control
250 ## - EDITION STATEMENT
Edition statement 1st ed.
260 ## - PUBLICATION, DISTRIBUTION, ETC. (IMPRINT)
Place of publication, distribution, etc. New York
Name of publisher, distributor, etc. McGraw-Hill
Date of publication, distribution, etc. 1965
300 ## - PHYSICAL DESCRIPTION
Extent xii, 491 p.
Other physical details illus.
Dimensions 23 cm.
490 ## - SERIES STATEMENT
Series statement McGraw-hill chemical engineering series
504 ## - BIBLIOGRAPHY, ETC. NOTE
Bibliography, etc Includes bibliographies
650 #0 - SUBJECT ADDED ENTRY--TOPICAL TERM
Topical term or geographic name as entry element Industrial process
700 ## - ADDED ENTRY--PERSONAL NAME
Personal name Koppel, Lowell B.
942 ## - ADDED ENTRY ELEMENTS (KOHA)
Koha item type General Book
Holdings
Koha full call number Copy number Koha item type Damaged status Lost status Source of classification or shelving scheme Shelving location Not for loan Koha normalized classification for sorting Withdrawn status Price effective from Piece designation (barcode) Date acquired Location (home branch) Sublocation or collection (holding branch) Koha date last seen
660.284/COU/19651General Book   Circulation section 660_284000000000000_COU_1965 2015-03-03296912015-03-03Central Library, BUETCentral Library, BUET2015-03-03
660.284/COU/19652General Book   Circulation section 660_284000000000000_COU_1965 2015-05-11178672015-05-11Central Library, BUETCentral Library, BUET2015-05-11
660.284/COU/19653General Book   Circulation section 660_284000000000000_COU_1965 2015-05-11178702015-05-11Central Library, BUETCentral Library, BUET2015-05-11
660.284/COU/19654Reading Item   Reading section 660_284000000000000_COU_1965 2015-06-21297022015-06-21Central Library, BUETCentral Library, BUET2015-06-21
660.284/COU/19655Reading Item   Reading section 660_284000000000000_COU_1965 2015-06-21187532015-06-21Central Library, BUETCentral Library, BUET2015-06-21
660.284/COU/19656Reading Item   Reading section 660_284000000000000_COU_1965 2015-06-21178682015-06-21Central Library, BUETCentral Library, BUET2015-06-21